Výskum a vývoj senzorických systémov s bezdrôtovým prenosom na monitorovanie teplotno-vlhkostného režimu : dát. obhajoby 25.8.2016, č. ved. odboru 5-2-48

Saved in:
Bibliographic Details
Main Author: Hudec, Ján (Author)
Other Authors: Kubičár, Ľudovít (Thesis advisor)
Format: Manuscript Book
Language:Slovak
Published: Bratislava : STU v Bratislave FEI, 2016
Subjects:
Online Access:http://is.stuba.sk/zp/portal_zp.pl?podrobnosti=133976
Tags: Add Tag
No Tags, Be the first to tag this record!

MARC

LEADER 00000ntm a22000003a 4500
001 stuzp59325
003 SK-STU
005 20230413095941.0
007 ta
008 150427s2015----xo-----f-mn---000-0-slo-d
040 |a STU  |b slo 
041 0 |a slo 
100 1 |a Hudec, Ján  |u 036000  |k Z3  |4 aut  |U FEI Fakulta elektrotechniky a informatiky  |T FEI Ústav jadrového a fyzikálneho inžinierstva  |X 55861  |U E060  |Y 817  |7 A000055861 
242 0 1 |a Research and Development of the Sensor Systems with Wireless Transmission for Monitoring the Temperature-moisture Regime  |y eng 
245 1 0 |a Výskum a vývoj senzorických systémov s bezdrôtovým prenosom na monitorovanie teplotno-vlhkostného režimu :  |b dát. obhajoby 25.8.2016, č. ved. odboru 5-2-48 
260 |a Bratislava : 
260 |b STU v Bratislave FEI, 
260 |c 2016 
300 |a 112 s.,  |b AUTOREF. 2016, 19 s. 
650 4 |a hot-ball  |2 slo 
650 4 |a metóda horúcej guľôčky  |2 slo 
650 4 |a senzor pre termofyzikále parametre  |2 slo 
650 4 |a monitoring  |2 slo 
650 4 |a hot-ball  |2 eng 
650 4 |a sensor for thermophysical parameters  |2 eng 
650 4 |a monitoring  |2 eng 
700 1 |a Kubičár, Ľudovít  |4 ths  |X 4098  |7 A000004098 
856 4 |u http://is.stuba.sk/zp/portal_zp.pl?podrobnosti=133976 
996 |b 284ED01550  |c E*ZP-413  |l EE01  |s A  |a 24  |w stuzp59325_0001